Tourism for economic development / (Record no. 155288)

MARC details
000 -LEADER
fixed length control field 00408nam a22001457a 4500
005 - DATE AND TIME OF LATEST TRANSACTION
control field 20180801162527.0
010 ## - LCCN (DPL NO)
LC control number B-162085
020 ## - INTERNATIONAL STANDARD BOOK NUMBER
International Standard Book Number 8181160290
Terms of availability 795.00
035 ## - SYSTEM CONTROL NUMBER
System control number B-162085
100 ## - MAIN ENTRY--PERSONAL NAME
Personal name Sharma, Anil
245 ## - TITLE STATEMENT
Title Tourism for economic development /
Statement of responsibility, etc by Anil Sharma
260 ## - PUBLICATION, DISTRIBUTION, ETC. (IMPRINT)
Place of publication, distribution, etc New Delhi
Name of publisher, distributor, etc Maxford books
300 ## - PHYSICAL DESCRIPTION
Extent vii, 275p.
Dimensions 20 cm (Hb)
942 ## - ADDED ENTRY ELEMENTS (KOHA)
Source of classification or shelving scheme Dewey Decimal Classification
Item type English Books
Classification part 338.4791
Call number suffix SHA
Holdings
Withdrawn status Lost status Not for loan Collection code Home library Current library Date acquired Source of acquisition Cost, normal purchase price Full call number Barcode Cost, replacement price Koha item type
      Non-fiction Shahdara Branch Shahdara Branch 01/08/2018 BPPD/PUB 795.00 338.4791 SHA B-162085 795.00 English Books

© Delhi Public Library
Hit Counter
free hit counter